Grain : (Record no. 3025)

000 -LEADER
fixed length control field 03105nam a2200409Ii 4500
006 - FIXED-LENGTH DATA ELEMENTS--ADDITIONAL MATERIAL CHARACTERISTICS--GENERAL INFORMATION
fixed length control field m o d
007 - PHYSICAL DESCRIPTION FIXED FIELD--GENERAL INFORMATION
fixed length control field cr cnu---unuuu
008 - FIXED-LENGTH DATA ELEMENTS--GENERAL INFORMATION
fixed length control field 201214r20131999enk ob 000 0 eng d
040 ## - CATALOGING SOURCE
Original cataloging agency IMU Kochi Library
Language of cataloging eng
040 ## - CATALOGING SOURCE
Original cataloging agency
Language of cataloging eng
Description conventions rda
020 ## - INTERNATIONAL STANDARD BOOK NUMBER
International Standard Book Number 9781003123293
Qualifying information (electronic bk.)
020 ## - INTERNATIONAL STANDARD BOOK NUMBER
International Standard Book Number 1003123295
Qualifying information (electronic bk.)
041 0# - LANGUAGE CODE
Language code of text/sound track or separate title eng
082 04 - DEWEY DECIMAL CLASSIFICATION NUMBER
Classification number 382.4131
Edition number 23
100 1# - MAIN ENTRY--PERSONAL NAME
Personal name Sewell, Tom,
245 10 - TITLE STATEMENT
Title Grain :
Sub Title carriage by sea /
300 ## - PHYSICAL DESCRIPTION
Extent 1 online resource.
500 ## - GENERAL NOTE
General note "First published 1999 by LLP Reference Publishing"--Title page verso.
505 0# - FORMATTED CONTENTS NOTE
Formatted contents note Types of cereals and rice : their history -- The techniques of cereal and rice husbandry and production methods, harvesting and storage. Cereals as livestock feed -- Value-added products of grain : flour, malt, starch, semolina and by-products. Industrial uses -- The role of brokers and merchants, corn exchanges and futures markets -- The influence of WTO on global grain trade -- Soya and oilseed -- World production -- The pattern of world trade -- Northern hemisphere grains : production, consumption, trade and prices -- Southern hemisphere grains : production, consumption, trade and prices -- The importance of the developing countries -- Ship types and sizes employed to carry grain -- Problems associated with the carriage of grain by sea -- Grain loading and unloading, major ports and terminals -- Freight rates, charter markets and charterparties -- Inland waterways and river transport, the value and impact of waterway transportation in the Mid-west -- Shipping to the developing world -- The multinational shippers and trading houses -- International Maritime Organisation legislation -- The US Federal Grain Inspection Service -- Contracts and arbitration -- Forty years of the European Union grain market -- The fifth and final enlargement -- The US Farm Act -- Environmental considerations and biotechnology -- Future trends and the demographic time-bomb.
520 ## - SUMMARY, ETC.
Summary, etc Grain is one of the most important commodities shipped around the world and one of the most unpredictable markets to trade in. This publication combines an overview of the market, the problems of carriage by sea and the legislative environment to bring a useful handbook to all those concerned with the care, sale and delivery of this cargo.
650 #0 - SUBJECT ADDED ENTRY--TOPICAL TERM
Topical term or geographic name as entry element Grain trade.
650 #0 - SUBJECT ADDED ENTRY--TOPICAL TERM
Topical term or geographic name as entry element Grain trade
General subdivision Law and legislation.
650 #0 - SUBJECT ADDED ENTRY--TOPICAL TERM
Topical term or geographic name as entry element Grain
General subdivision Transportation.
856 40 - ELECTRONIC LOCATION AND ACCESS
Uniform Resource Identifier <a href="https://www.taylorfrancis.com/books/9781003123293">https://www.taylorfrancis.com/books/9781003123293</a>
856 42 - ELECTRONIC LOCATION AND ACCESS
Uniform Resource Identifier <a href="http://www.oclc.org/content/dam/oclc/forms/terms/vbrl-201703.pdf">http://www.oclc.org/content/dam/oclc/forms/terms/vbrl-201703.pdf</a>
904 ## - LOCAL DATA ELEMENT D, LDD (RLIN)
CATALOGER Rudra Ranjan
905 ## - LOCAL DATA ELEMENT E, LDE (RLIN)
VERIFIER Rudra Ranjan
942 ## - ADDED ENTRY ELEMENTS (KOHA)
Item type E-Book
264 #1 -
-- Abingdon, Oxon ;
-- New York, NY :
-- Informa Law from Routledge,
-- 2013.
336 ## -
-- text
-- txt
-- rdacontent
337 ## -
-- computer
-- c
-- rdamedia
338 ## -
-- online resource
-- cr
-- rdacarrier
588 ## -
-- OCLC-licensed vendor bibliographic record.

No items available.



Copyright © All Rights Reserved by Indian Maritime University, Kochi Campus.
For any Suggestions/Query Contact to library or Email: library.kochi@imu.ac.in Ph:(0484)-2989402
(Web OPAC Designed by Rudra Ranjan. Maintained by IMU Kochi Library)

Powered by Koha